00586nam a22001817a 450000500170000001000130001702000230003003500130005303700180006608200100008410000310009424500720012524600230019726000750022027000540029530000520034970000030040120110502103744.0 aB-428787 a8188169730c200.00 aB-428787 bVirtuous Pub. a361.1 aसाहनी, अमर aअथ पुरूष व्यथा /cअमर साहनी aAtha purush vyatha aनई दिल्लीbबसंती प्रकाशनc2010 aP-137, Pillanji, Saojini NagarbNew Delhie110023 a104पृ.c22सेमी (सजिल्द)